Ucchatar madhyamik beema sangathan (Record no. 5951)
[ view plain ]
| 000 -LEADER | |
|---|---|
| fixed length control field | 00517cam a2200205ua 4500 |
| 001 - CONTROL NUMBER | |
| control field | 6808 |
| 005 - DATE AND TIME OF LATEST TRANSACTION | |
| control field | 20260515114116.0 |
| 008 - FIXED-LENGTH DATA ELEMENTS--GENERAL INFORMATION | |
| fixed length control field | 140304n ii |||gr||||Z||||||asm |
| 040 ## - CATALOGING SOURCE | |
| Transcribing agency | MAIN |
| 082 ## - DEWEY DECIMAL CLASSIFICATION NUMBER | |
| Classification number | 368 |
| 245 ## - TITLE STATEMENT | |
| Title | Ucchatar madhyamik beema sangathan |
| Statement of responsibility, etc. | By Pradeep Borah |
| 250 ## - EDITION STATEMENT | |
| Edition statement | 1st ed. |
| 260 ## - PUBLICATION, DISTRIBUTION, ETC. | |
| Place of publication, distribution, etc. | Guwahati: |
| Name of publisher, distributor, etc. | Council for secondary education, |
| Date of publication, distribution, etc. | 1992. |
| 300 ## - PHYSICAL DESCRIPTION | |
| Extent | x,222p. |
| 653 ## - INDEX TERM--UNCONTROLLED | |
| Uncontrolled term | Insurance |
| 653 ## - INDEX TERM--UNCONTROLLED | |
| Uncontrolled term | Beema sangathan |
| 653 ## - INDEX TERM--UNCONTROLLED | |
| Uncontrolled term | Commerce |
| 700 ## - ADDED ENTRY--PERSONAL NAME | |
| Personal name | Borah,Pradeep, |
| Relator term | Author. |
| 942 ## - ADDED ENTRY ELEMENTS (KOHA) | |
| Koha item type | Books |
| Withdrawn status | Lost status | Damaged status | Not for loan | Home library | Current library | Shelving location | Date acquired | Total checkouts | Full call number | Barcode | Date last seen | Price effective from | Koha item type | Copy number |
|---|---|---|---|---|---|---|---|---|---|---|---|---|---|---|
| Naharkatiya College Library | Naharkatiya College Library | General stacks | 09/19/2020 | 368 | BOR | 13711 | 09/19/2020 | 09/19/2020 | Books | ||||||
| Naharkatiya College Library | Naharkatiya College Library | General stacks | 09/19/2020 | 368 | BOR | 13712 | 09/19/2020 | 09/19/2020 | Books | 2 | |||||
| Naharkatiya College Library | Naharkatiya College Library | General stacks | 09/19/2020 | 368 | BOR | 13714 | 09/19/2020 | 09/19/2020 | Books | 3 | |||||
| Naharkatiya College Library | Naharkatiya College Library | General stacks | 09/19/2020 | 368 | BOR | 13716 | 09/19/2020 | 09/19/2020 | Books | 4 | |||||
| Naharkatiya College Library | Naharkatiya College Library | General stacks | 09/19/2020 | 368 | BOR | 13717 | 09/19/2020 | 09/19/2020 | Books | 5 |